000 00344pam a2200121 a 4500
020 _a0-8442-2522-3
_c
041 _h
082 _a658.848
_bSCH/KIT
100 _aSCHULTZ D.E.,KITCHCHEN P.J.,
245 _aCOMMUNICATING GLOBALLY: AN INTERGRATED MARKETING APPROACH
_hTextual Documents
260 _aUSA
_bVTC BUSINESS BOOKS
_c2001
930 _a8954
999 _c128408
_d128408